00516nam a2200181 a 45000010010000000030011000100080041000210350026000620820014000881000020001022450021001222600036001436500017001799420012001969520091002089980020002999990015003190000-9323ELIB.Books110520 1955  a(ELIB.Books)0000-9475 a232 bPhi aPhillips, J. B. aWhen God was Man bNew York: Abingdon Press c1955 aJesus Christ 2ddccBK 00102ddc4070aKBTSbKBTSd2011-05-20l0p11035r2022-01-22 00:00:00w2022-01-22yBK cbate2011-05-20 c9323d9323